Geology and mineral deposits of the Bunkerville mining district, Clark County, Nevada, (Record no. 30103)

MARC details
000 -LEADER
fixed length control field 00964cam a22002651 4500
001 - CONTROL NUMBER
control field gs 65000360
003 - CONTROL NUMBER IDENTIFIER
control field DLC
005 - DATE AND TIME OF LATEST TRANSACTION
control field 20260227111417.0
008 - FIXED-LENGTH DATA ELEMENTS--GENERAL INFORMATION
fixed length control field 770119s1965 xx 000 0 eng c
010 ## - LIBRARY OF CONGRESS CONTROL NUMBER
LC control number gs 65000360
035 ## - SYSTEM CONTROL NUMBER
System control number (OCoLC)2688422
040 ## - CATALOGING SOURCE
Original cataloging agency U.S. Geol. Survey. Library.
Transcribing agency TxEU
Modifying agency DLC
042 ## - AUTHENTICATION CODE
Authentication code premarc
050 00 - LIBRARY OF CONGRESS CALL NUMBER
Classification number QE138.C55
Item number B4
100 1# - MAIN ENTRY--PERSONAL NAME
Personal name Beal, Laurence H.
245 10 - TITLE STATEMENT
Title Geology and mineral deposits of the Bunkerville mining district, Clark County, Nevada,
Statement of responsibility, etc. by Laurence H. Beal.
260 ## - PUBLICATION, DISTRIBUTION, ETC.
Place of publication, distribution, etc. Reno,
Name of publisher, distributor, etc. Mackay School of Mines, University of Nevada,
Date of publication, distribution, etc. 1965.
300 ## - PHYSICAL DESCRIPTION
Extent vii, 96 p.
Other physical details illus., maps (2 fold. col.)
Dimensions 23 cm.
410 20 - SERIES STATEMENT/ADDED ENTRY--CORPORATE NAME [OBSOLETE, CAN/MARC], [LOCAL, USA]
Corporate name or jurisdiction name as entry element Nevada Bureau of Mines.
Title of a work Bulletin
Volume number/sequential designation 63
500 ## - GENERAL NOTE
General note Part of illustrative matter fold. in pocket.
504 ## - BIBLIOGRAPHY, ETC. NOTE
Bibliography, etc. note Bibliography: p. 87-89.
650 #0 - SUBJECT ADDED ENTRY--TOPICAL TERM
Topical term or geographic name entry element Geology
Geographic subdivision Nevada
-- Clark County.
650 #0 - SUBJECT ADDED ENTRY--TOPICAL TERM
Topical term or geographic name entry element Mines and mineral resources
Geographic subdivision Nevada
-- Clark County.
650 #0 - SUBJECT ADDED ENTRY--TOPICAL TERM
Topical term or geographic name entry element Petrology
Geographic subdivision Nevada
-- Clark County.

No items available.

Powered by Koha